The India-Pakistan conflict : (Record no. 11042)
[ view plain ]
| 000 -LEADER | |
|---|---|
| fixed length control field | 02624cam a2200385 i 4500 |
| 001 - CONTROL NUMBER | |
| control field | 14342364 |
| 003 - CONTROL NUMBER IDENTIFIER | |
| control field | EG-ScBUE |
| 005 - DATE AND TIME OF LATEST TRANSACTION | |
| control field | 20240402120329.0 |
| 008 - FIXED-LENGTH DATA ELEMENTS--GENERAL INFORMATION | |
| fixed length control field | 060417t2005 nyuab f b 101 0 eng d |
| 020 ## - INTERNATIONAL STANDARD BOOK NUMBER | |
| International Standard Book Number | 9780521671262 (pbk.) |
| 020 ## - INTERNATIONAL STANDARD BOOK NUMBER | |
| International Standard Book Number | 0521671264 (pbk.) |
| 035 ## - SYSTEM CONTROL NUMBER | |
| System control number | (OCoLC)ocm61702435 |
| 040 ## - CATALOGING SOURCE | |
| Original cataloging agency | DLC |
| Language of cataloging | eng |
| Description conventions | rda |
| Transcribing agency | DLC |
| Modifying agency | DLC |
| -- | EG-ScBUE |
| 043 ## - GEOGRAPHIC AREA CODE | |
| Geographic area code | a-ii--- |
| -- | a-pk--- |
| 082 04 - DEWEY DECIMAL CLASSIFICATION NUMBER | |
| Classification number | 954.04 |
| Edition number | 22 |
| Item number | IND |
| 245 04 - TITLE STATEMENT | |
| Title | The India-Pakistan conflict : |
| Remainder of title | an enduring rivalry / |
| Statement of responsibility, etc | edited by T.V. Paul, McGill University. |
| 264 #1 - PUBLICATION, DISTRIBUTION, ETC. (IMPRINT) | |
| Place of publication, distribution, etc | New York : |
| Name of publisher, distributor, etc | Cambridge University Press, |
| Date of publication, distribution, etc | [2005] |
| 264 #4 - PUBLICATION, DISTRIBUTION, ETC. (IMPRINT) | |
| Date of publication, distribution, etc | c2005 |
| 300 ## - PHYSICAL DESCRIPTION | |
| Extent | xiv, 273 pages : |
| Other physical details | illustrations, maps ; |
| Dimensions | 24 cm |
| 336 ## - CONTENT TYPE | |
| Source | rdacontent |
| Content type term | text |
| Content type code | txt |
| 337 ## - MEDIA TYPE | |
| Media type term | unmediated |
| Source | rdamedia |
| Media type code | n |
| 338 ## - CARRIER TYPE | |
| Carrier type term | volume |
| Carrier type code | nc |
| Source | rdacarrier |
| 500 ## - GENERAL NOTE | |
| General note | Based on presentations at a conference at McGill University, Dec. 2003. |
| 504 ## - BIBLIOGRAPHY, ETC. NOTE | |
| Bibliography, etc | Includes bibliographical references and index. |
| 505 0# - FORMATTED CONTENTS NOTE | |
| Formatted contents note | Causes of the India-Pakistan enduring rivalry / T.V. Paul -- Theoretical specifications of enduring rivalries : applications to the India-Pakistan case / Paul F. Diehl, Gary Goertz, and Daniel Saeedi -- The India-Pakistan conflict in light of general theories of war, rivalry, and deterrence / John A. Vasquez -- The India-Pakistan rivalry : prospects for war, prospects for peace / Daniel S. Geller -- Realpolitik and learning in the India-Pakistan rivalry / Russell J. Leng -- Major powers and the persistence of the India-Pakistan conflict / Ashok Kapur -- Nuclear weapons and the prolongation of the India-Pakistan rivalry / Saira Khan -- National identities and the India-Pakistan conflict / Vali Nasr -- At the heart of the conflict : irredentism and Kashmir / Stephen M. Saideman -- Institutional courses of the India-Pakistan rivalry / Reeta Chowdhari Tremblay and Julian Schofield -- South Asia's embedded conflict : understanding the India-Pakistan rivalry / T.V. Paul and William Hogg. |
| 651 #7 - SUBJECT ADDED ENTRY--GEOGRAPHIC NAME | |
| Geographic name | India |
| General subdivision | Foreign relations |
| Geographic subdivision | Pakistan |
| Form subdivision | Congresses. |
| Source of heading or term | BUEsh |
| 651 #7 - SUBJECT ADDED ENTRY--GEOGRAPHIC NAME | |
| Geographic name | Pakistan |
| General subdivision | Foreign relations |
| Geographic subdivision | India |
| Form subdivision | Congresses. |
| Source of heading or term | BUEsh |
| 655 ## - INDEX TERM--GENRE/FORM | |
| Form subdivision | Reading book |
| 700 1# - ADDED ENTRY--PERSONAL NAME | |
| Personal name | Paul, T. V., |
| Relator term | editor. |
| 856 42 - ELECTRONIC LOCATION AND ACCESS | |
| Materials specified | Publisher description |
| Uniform Resource Identifier | <a href="http://www.loc.gov/catdir/enhancements/fy0642/2006274380-d.html">http://www.loc.gov/catdir/enhancements/fy0642/2006274380-d.html</a> |
| 856 41 - ELECTRONIC LOCATION AND ACCESS | |
| Materials specified | Table of contents only |
| Uniform Resource Identifier | <a href="http://www.loc.gov/catdir/enhancements/fy0642/2006274380-t.html">http://www.loc.gov/catdir/enhancements/fy0642/2006274380-t.html</a> |
| 856 42 - ELECTRONIC LOCATION AND ACCESS | |
| Materials specified | Contributor biographical information |
| Uniform Resource Identifier | <a href="http://www.loc.gov/catdir/enhancements/fy0733/2006274380-b.html">http://www.loc.gov/catdir/enhancements/fy0733/2006274380-b.html</a> |
| 942 ## - ADDED ENTRY ELEMENTS (KOHA) | |
| Source of classification or shelving scheme | Dewey Decimal Classification |
| Koha item type | Book - Borrowing |
| Withdrawn status | Lost status | Source of classification or shelving scheme | Damaged status | Not for loan | Collection code | Home library | Current library | Shelving location | Date acquired | Source of acquisition | Cost, normal purchase price | Serial Enumeration / chronology | Total Checkouts | Total Renewals | Full call number | Barcode | Date last seen | Date checked out | Price effective from | Koha item type |
|---|---|---|---|---|---|---|---|---|---|---|---|---|---|---|---|---|---|---|---|---|
| Dewey Decimal Classification | Baccah | Central Library | Central Library | Second Floor | 08/03/2009 | Purchase | 275.00 | 7371 | 3 | 7 | 954.04 IND | 000015387 | 15/07/2025 | 20/04/2016 | 08/03/2009 | Book - Borrowing |